000 00332nam a2200157Ia 4500
003 0STCL
008 150530s9999 xx 000 0 und d
040 _aSTCL
_cSTCL
100 _aWells
245 _aFirst men in the moon
260 _c1954
546 _aEnglish
942 _2ddc
_cBK
999 _c59123
_d59123
005 20220125171059.0